Fictional Characters Who Are Pink Quiz Stats

Quiz Updated Feb 19, 2015

Challenge
Share
Tweet
Score 0/20 Timer 05:00
0 Plays Today
% Correct
Pink Panther
97.5%
Hello Kitty
95.3%
Piglet
94%
Patrick Star
86.7%
Porky Pig
81.1%
Strawberry Shortcake
76.2%
Princess Peach
74.9%
Meg Griffin
74%
Aurora
73.3%
Cheshire Cat
73.2%
% Correct
Kirby
56.6%
Timmy Turner
56.5%
Hamm
50.9%
Courage the Cowardly Dog
50.3%
Pinky
45.7%
Mew
45.5%
Helga Pataki
38.4%
Magenta
33.5%
Babs Bunny
28.8%
Amy Rose
19.8%

You're not logged in!

Compare scores with friends on all Sporcle quizzes.
Join for Free
OR
Log In

You Might Also Like...

Show Comments

Extras

Top Quizzes Today


Score Distribution

Your Account Isn't Verified!

In order to create a playlist on Sporcle, you need to verify the email address you used during registration. Go to your Sporcle Settings to finish the process.

Report this User

Report this user for behavior that violates our Community Guidelines.

Details: